00674nam a2200169Ia 4500001001000000003000500010008004100015010001100056040000900067100003000076245017700106260003500283300001000318502008700328650003900415710005000454Para_1121CHAP220125s1996 xx 000 0 und d a199775 cCHAP aParedes Zavala, J. Carmen aControl quimico postemergente de cebada (Hordeum vulgare L.), en el cultivo de sorgo (Sorghum bicolor (L.), Moench), en Chapingo, México /c por J. Carmen Paredes Zavala aChapingo, Méx. :b El autor a43 h. aTesis (Ing. Agr. Esp. en Parasitología Agrícola), UACh. Depto. Parasitología aCebada x malas hierbas x control aUACh. Departamento Parasitología Agrícola